Минимизация возможных последствий наводнения; Экология и безопасность в техносфере: современные проблемы и пути решения

Détails bibliographiques
Parent link:Экология и безопасность в техносфере: современные проблемы и пути решения.— 2014.— [С.343-346]
Auteur principal: Пеньков А. И. Александр Иванович
Collectivité auteur: Национальный исследовательский Томский политехнический университет (ТПУ) Юргинский технологический институт (филиал) (ЮТИ) Кафедра безопасности жизнедеятельности, экологии и физического воспитания (БЖДЭФВ)
Autres auteurs: Горяйнова П. В.
Résumé:Заглавие с титульного экрана
Langue:russe
Publié: 2014
Collection:Современные технологии ликвидации ЧС и техническое обеспечение аварийно- спасательных работ
Sujets:
Accès en ligne:http://earchive.tpu.ru/handle/11683/18571
http://www.lib.tpu.ru/fulltext/c/2014/C52/113.pdf
Format: MixedMaterials Électronique Chapitre de livre
KOHA link:https://koha.lib.tpu.ru/cgi-bin/koha/opac-detail.pl?biblionumber=610356

MARC

LEADER 00000naa2a2200000 4500
001 610356
005 20260402160529.0
035 |a (RuTPU)RU\TPU\conf\7962 
035 |a RU\TPU\conf\7961 
090 |a 610356 
100 |a 20150120d2014 k y0rusy50 ca 
101 0 |a rus 
102 |a RU 
135 |a drcn ---uucaa 
181 0 |a i  
182 0 |a b 
200 1 |a Минимизация возможных последствий наводнения  |f А. И. Пеньков, П. В. Горяйнова 
203 |a Текст  |c электронный 
225 1 |a Современные технологии ликвидации ЧС и техническое обеспечение аварийно- спасательных работ 
300 |a Заглавие с титульного экрана 
320 |a [Библиогр.: с. 346 (3 назв.)] 
337 |a Adobe Reader 
463 0 |0 (RuTPU)RU\TPU\conf\7739  |t Экология и безопасность в техносфере: современные проблемы и пути решения  |o сборник трудов Всероссийской научно-практической конференции молодых ученых, аспирантов и студентов, г. Юрга, 27-28 ноября 2014 г.  |f Национальный исследовательский Томский политехнический университет (ТПУ), Юргинский технологический институт (ЮТИ) ; под ред. В. М. Гришагин [и др.]  |v [С.343-346]  |d 2014 
610 1 |a труды учёных ТПУ 
610 1 |a электронный ресурс 
610 1 |a наводнения 
610 1 |a последствия 
610 1 |a природные чрезвычайные ситуации 
610 1 |a техногенные чрезвычайные ситуации 
610 1 |a аварийно-спасательное дело 
700 1 |a Пеньков  |b А. И.  |c специалист в области экологии и безопасности жизнедеятельности  |c старший преподаватель Юргинского технологического института (филиал) Томского политехнического университета  |f 1963-  |g Александр Иванович  |3 (RuTPU)RU\TPU\pers\32063 
701 1 |a Горяйнова  |b П. В. 
712 0 2 |a Национальный исследовательский Томский политехнический университет (ТПУ)  |b Юргинский технологический институт (филиал) (ЮТИ)  |b Кафедра безопасности жизнедеятельности, экологии и физического воспитания (БЖДЭФВ)  |3 (RuTPU)RU\TPU\col\18930 
801 2 |a RU  |b 63413507  |c 20220407  |g RCR 
856 4 |u http://earchive.tpu.ru/handle/11683/18571 
856 4 |u http://www.lib.tpu.ru/fulltext/c/2014/C52/113.pdf 
942 |c BK